Penghasilan bahan tanaman meranti tembaga (Shorea leprosula)

Bibliographic Details
Corporate Author: FRIM
Other Authors: Aminah Hamzah
Format: Book
Published: Kuala Lumpur : Institut Penyelidikan Perhutanan Malaysia. , 2006
Series:FRIM Technical Information Handbook No. 35
Subjects:

MARC

LEADER 00000cam a2200000 7i4500
001 0000003561
005 20060621.0
020 0 0 |a 9832181674 
090 0 0 |a 634.9731609595   |b PEN 
245 1 0 |a Penghasilan bahan tanaman meranti tembaga (Shorea leprosula)   |c Aminah Hamzah ... [et. al.]. 
260 0 0 |a Kuala Lumpur :   |b Institut Penyelidikan Perhutanan Malaysia. ,   |c 2006 
300 |a vii, 73 ms. :   |b ill., Warna ;   |c 21 cm. 
440 1 0 |a FRIM Technical Information Handbook No. 35 
650 0 0 |a Meranti (kayu) 
650 0 0 |a Shorea leprosula   |x Breeding 
700 1 1 |a Aminah Hamzah 
710 2 1 |a FRIM 
999 |a 0000006947   |b Monograph   |c Open Shelf   |e Default branch 
999 |a 0000006948   |b Monograph   |c Open Shelf   |e Default branch